Archivo de Alcala (Record no. 6616)

MARC details
000 -LEADER
campo de control de longitud fija 00896nam a2200217 i 4500
001 - NÚMERO DE CONTROL
campo de control 6616
003 - IDENTIFICADOR DE NÚMERO DE CONTROL
campo de control ES-MaACL
005 - FECHA Y HORA DE LA ÚLTIMA TRANSACCIÓN
campo de control 20230906145022.0
007 - CAMPO FIJO DE DESCRIPCIÓN FÍSICA--INFORMACIÓN GENERAL
campo de control de longitud fija t|
008 - DATOS DE LONGITUD FIJA--INFORMACIÓN GENERAL
campo de control de longitud fija 900118s1988 sp ||||1| spa d
020 ## - NÚMERO INTERNACIONAL ESTÁNDAR DEL LIBRO
Número Internacional Estándar del Libro 84-404-2101-X
080 ## - NÚMERO DE LA CLASIFICACIÓN DECIMAL UNIVERSAL
Número de la Clasificación Decimal Universal 902.531(464.1)Archivo de Alcala
110 2# - ENTRADA PRINCIPAL--NOMBRE DE ENTIDAD CORPORATIVA
Nombre de entidad corporativa o nombre de jurisdicción como elemento de entrada Archivo Municipal de Alcalá de Henares.
9 (RLIN) 1460
245 10 - MENCIÓN DEL TÍTULO
Título Archivo de Alcala
Resto del título : imagen grafica : [exposicion] Alcala de Henares, Casa de la Entrevista, Abril-Mayo, 1988.
260 ## - PUBLICACIÓN, DISTRIBUCIÓN, ETC.
Lugar de publicación, distribución, etc. Alcalá de Henares :
Nombre del editor, distribuidor, etc. Fundación Colegio del Rey :
-- Servicio Municipal de Archivos y Bibliotecas,
Fecha de publicación, distribución, etc. 1988.
300 ## - DESCRIPCIÓN FÍSICA
Extensión 119 p. :
Otras características físicas il. ;
Dimensiones 26 cm.
610 17 - PUNTO DE ACCESO ADICIONAL DE MATERIA--NOMBRE DE ENTIDAD CORPORATIVA
Nombre de entidad corporativa o nombre de jurisdicción como elemento de entrada Archivo Municipal de Alcalá de Henares-
Subdivisión general Catálogos.
9 (RLIN) 1461
710 2# - ENTRADA AGREGADA--NOMBRE DE ENTIDAD CORPORATIVA
Nombre de entidad corporativa o nombre de jurisdicción como elemento de entrada Fundación Colegio del Rey.
9 (RLIN) 4254
710 1# - ENTRADA AGREGADA--NOMBRE DE ENTIDAD CORPORATIVA
Nombre de entidad corporativa o nombre de jurisdicción como elemento de entrada Alcalá de Henares.
Unidad subordinada Servicio Municipal de Archivos y Bibliotecas.
9 (RLIN) 1319
852 ## - LOCALIZACIÓN
Ubicación ES-MaACL
Número de control de estantería L-13749
Sublocalización o colección R.115839
Nota libre . - rust.
Holdings
Estatus retirado Estado de pérdida Estado de daño No para préstamo Biblioteca de origen Biblioteca actual Ubicación en estantería Fecha de adquisición Fuente de adquisición Total de préstamos Signatura topográfica completa Código de barras Visto por última vez Precio de reemplazo Tipo de ítem Koha
        Biblioteca del Ateneo de Madrid Biblioteca del Ateneo de Madrid Depósito 2 17/01/2008     L-13749 1006739 23/02/2023 23/02/2023 Libro impreso